Regional office rent survey. - No. 10 (Spring 1995) - No. 11 (Autumn 1995) (Record no. 93146)

MARC details
000 -LEADER
fixed length control field 00591cam a2200217 4500
001 - CONTROL NUMBER
control field J3049
008 - FIXED-LENGTH DATA ELEMENTS--GENERAL INFORMATION
fixed length control field 090401t1995 xxu||||| |||| 00| 0 eng d
035 ## - SYSTEM CONTROL NUMBER
System control number (Sirsi) u52688
041 ## - LANGUAGE CODE
Language code of text/sound track or separate title eng
050 ## - LIBRARY OF CONGRESS CALL NUMBER
Classification number 333.337
110 ## - MAIN ENTRY--CORPORATE NAME
Corporate name or jurisdiction name as entry element Weatherall Green and Smith
9 (RLIN) 2055
245 ## - TITLE STATEMENT
Title Regional office rent survey. - No. 10 (Spring 1995) - No. 11 (Autumn 1995)
260 ## - PUBLICATION, DISTRIBUTION, ETC.
Place of publication, distribution, etc. London
Name of publisher, distributor, etc. Weatherall Green & Smith
Date of publication, distribution, etc. 1995
300 ## - PHYSICAL DESCRIPTION
Extent 2 pt. ; 30cm.
350 ## - PRICE (NR) (BK AM CF MU VM SE) [OBSOLETE]
Price 0
650 ## - SUBJECT ADDED ENTRY--TOPICAL TERM
Topical term or geographic name entry element OFFICES
650 ## - SUBJECT ADDED ENTRY--TOPICAL TERM
Topical term or geographic name entry element REGIONAL OFFICES
690 ## - LOCAL SUBJECT ADDED ENTRY--TOPICAL TERM (OCLC, RLIN)
Topical term or geographic name as entry element PROPERTY-COMMERCIAL PROPERTY
942 ## - ADDED ENTRY ELEMENTS (KOHA)
Suppress in OPAC 0
948 ## - LOCAL PROCESSING INFORMATION (OCLC); SERIES PART DESIGNATOR (RLIN)
c (OCLC) 04/03/1997
Holdings
Withdrawn status Lost status Source of classification or shelving scheme Damaged status Not for loan Home library Current library Shelving location Date acquired Total Checkouts Full call number Barcode Date last seen Copy number Price effective from Koha item type
    Dewey Decimal Classification     London London Property market reports 31/05/1995   PROPERTY MARKET REPORTS 30045842 06/08/2019 1 06/08/2019 Reference material
    Dewey Decimal Classification     London London Property market reports 13/11/1995   PROPERTY MARKET REPORTS 30046809 06/08/2019 3 06/08/2019 Reference material